000 00672 a2200205 4500
005 20260218155816.0
008 260218b |||||||| |||| 00| 0 eng d
020 _a9789387774667
_cरु 995.00
040 _aMAIN
082 _a891.433411
_bCA396V
100 _aचतुरसेन, आचार्य
110 _aचतुरसेन
245 _aवैशाली की नगरवधू
250 _aLatest edition
260 _c2026
_aनई दिल्ली
_bशिवांक प्रकाशन
300 _a480
650 _aहिन्दी साहित्य
651 _aहिन्दी उपन्यास
942 _cHN
999 _c396645
_d396645